Datum a čas kvízu

34 Celkem bodů Celkový počet nahraných bodů na tomto kvízu bez doplňovacích otázek.
2. Pořadí na kvízu Konečné umístění týmu na tomto kvízu.

Zaznamenané odpovědi

# Otázka Odpověď Body Výsledky
1. Do aplikace eRecept přibyla od... ověření dostupnosti předepsaného léku 1
2. Kolumbijský parlament odhlasov... D) býčích zápasů 1
3. Ve čtvrtek měl v kinech premié... Princezna na hrášku 1
4. Minulý týden oznámili organizá... v Ženevě 1
5. V pátek proběhlo slavnostní vy... Král bílé stopy, Ester Ledecká 0.5
6. Kterým výrazem na písmeno M se... mixologie 1
7. Ernest Hemingway měl údajně v... Daiquiri 1
8. Oblíbenou složkou míchaných ná... pomeranči 0
9. Hlavní hrdina filmu Big Lebows... White Russian (Bílý Rus, Bílý medvěd) 0
10. V poslední otázce se podíváme... vaječný likér; griotku 1